01471nam a2200265 a 450000500170000000800410001701500170005804000240007504100080009904300120010708200210011911001040014024503890024426001120063330000290074565000820077465000940085665000720095070000330102270000270105570000280108270000440111070000290115471000220118320200211103318.0130612s2011 ck a gr 000 0dspa d ack-2011-xxxx aCO-BoBLA cCO-BoBLA0 aspa as-ck---04a333.9516 bC65p 2 aColombia. bMinisterio de Ambiente, Vivienda y Desarrollo Territorial.bViceministerio de Ambiente.10aProyecto Piedemonte Andino Amazónico - Colombia : bCreación y consolidación de Áreas protegidas, síntesis de resultados 2007-2010 cMinisterio de Ambiente, Vivienda y Desarrollo Territorial, Parques Nacionales Naturales de Colombia, Moore Foundation ; textos Juan Carlos Sandino, Beatriz Gómez Toro ; fotografía Alvaro Gaviria, Diego Luis Muñoz Sosa, Giovanny Pulido. aBogotá : bMinisterio de Ambiente, Vivienda y Desarrollo Territorial. Viceministerio de Ambiente, c2011. a25 p. : bil. ; c22 cm. 4aAreas protegidasz Piedemonte amazónico (Colombia)y 2007-2010v Proyectos. 4aConservación de los recursos naturalesz Piedemonte amazónico (Colombia)y 2007-2010. aParques nacionalesz Piedemonte amazónico (Colombia)y 2007-2010.1 aSandino Franco, Juan Carlos.1 aGómez Toro, Beatriz.1 aGaviria, Alvaro, efot.1 aMuñoz Sosa, Diego L., d1963-, efot.1 aPulido, Giovanny, efot.2 aMoore Foundation.